[Event "NOR-ch Women 2019"]
[Site "Bekkestua"]
[Date "2019.03.17"]
[Round "4.7"]
[White "Nordquelle, Amelia"]
[Black "Selvik, Elma"]
[Result "1-0"]
[WhiteElo "1595"]
[BlackElo "1329"]
[Annotator "NA"]
[PlyCount "115"]
[EventDate "2019.03.15"]
[EventType "swiss"]
[EventCountry "NOR"]
[SourceTitle "playchess.com"]
[Source "ChessBase"]
[SourceQuality "1"]
[TimeControl "5400+30"]

1. d4 {[%emt 0:00:35]} d5 {[%emt 0:00:44]} 2. c4 {[%emt 0:00:35]} e6 {[%emt 0:00:42]} 3. Nc3 {[%emt 0:00:40]} Nc6 {[%emt 0:02:01]} 4. Nf3 {[%emt 0:00:44]} Nf6 {[%emt 0:01:58]} 5. Bf4 {[%emt 0:00:55]} Bd6 {[%emt 0:03:40]} 6. Bg3 {[%emt 0:00:40]} dxc4 {[%emt 0:02:44]} 7. e4 {[%emt 0:01:14]} Bb4 {[%emt 0:01:38]} 8. Bh4 {[%emt 0:01:17]} Be7 {[%emt 0:05:19]} 9. Bxc4 {[%emt 0:03:03]} O-O {[%emt 0:02:38]} 10. O-O {[%emt 0:01:08]} b6 {[%emt 0:01:59]} 11. Re1 {[%emt 0:01:03]} Bb7 {[%emt 0:01:52]} 12. a3 {[%emt 0:04:51]} Qd7 {[%emt 0:05:03]} 13. Qa4 {[%emt 0:02:19]} Rfd8 {[%emt 0:10:02]} 14. Rad1 {[%emt 0:01:48]} a6 {[%emt 0:02:03]} 15. d5 {[%emt 0:01:43]} exd5 {[%emt 0:04:15]} 16. exd5 {[%emt 0:01:04]} Na5 {[%emt 0:03:25]} 17. Qxd7 {[%emt 0:01:56]} Rxd7 {[%emt 0:01:42]} 18. Ba2 {[%emt 0:00:54]} c5 {[%emt 0:06:40]} 19. Ne5 {[%emt 0:03:20]} Rdd8 {[%emt 0:04:45]} 20. d6 {[%emt 0:01:41]} Rxd6 {[%emt 0:03:49]} 21. Rxd6 {[%emt 0:01:13]} Bxd6 {[%emt 0:01:21]} 22. Nxf7 {[%emt 0:01:00]} Bf8 {[%emt 0:04:16]} 23. Re6 {[%emt 0:03:54]} c4 {[%emt 0:04:31]} 24. Ne5 {[%emt 0:02:25]} b5 {[%emt 0:02:47]} 25. Bxf6 {[%emt 0:01:59]} gxf6 {[%emt 0:04:33]} 26. Rxf6 {[%emt 0:00:45]} Bg7 {[%emt 0:02:29]} 27. Re6 {[%emt 0:01:20]} Rd8 {[%emt 0:03:10]} 28. h3 {[%emt 0:03:10]} Bxe5 {[%emt 0:01:49]} 29. Rxe5 {[%emt 0:00:49]} Rd2 {[%emt 0:01:08]} 30. Re2 {[%emt 0:00:37]} Rd6 {[%emt 0:02:27]} 31. Bb1 {[%emt 0:01:00]} Rd7 {[%emt 0:01:36]} 32. Bf5 {[%emt 0:00:57]} Rg7 {[%emt 0:01:02]} 33. g4 {[%emt 0:01:18]} Nb3 {[%emt 0:01:07]} 34. Re8+ {[%emt 0:01:20]} Kf7 {[%emt 0:00:59]} 35. Rd8 {[%emt 0:01:00]} a5 {[%emt 0:02:23]} 36. Nxb5 {[%emt 0:01:48]} Ke7 {[%emt 0:02:39]} 37. Rd7+ {[%emt 0:01:18]} Kf8 {[%emt 0:01:00]} 38. Rxg7 {[%emt 0:01:48]} Kxg7 {[%emt 0:00:34]} 39. Be6 {[%emt 0:01:42]} Nd2 {[%emt 0:01:07]} 40. f4 {[%emt 0:01:55]} Kf6 {[%emt 0:01:53]} 41. Nd6 {[%emt 0:02:01]} Kxe6 {[%emt 0:00:00]} 42. Nxb7 {[%emt 0:00:00]} Nb3 {[%emt 0:00:00]} 43. Kf2 {[%emt 0:00:00]} h6 {[%emt 0:00:00]} 44. Ke3 {[%emt 0:00:00]} Kd5 {[%emt 0:00:00]} 45. Nd8 {[%emt 0:00:00]} Nc5 {[%emt 0:00:00]} 46. Nf7 {[%emt 0:00:00]} Na4 {[%emt 0:00:00]} 47. f5 {[%emt 0:00:00]} Nxb2 {[%emt 0:00:00]} 48. h4 {[%emt 0:00:00]} c3 {[%emt 0:00:00]} 49. g5 {[%emt 0:00:00]} hxg5 {[%emt 0:00:00]} 50. hxg5 {[%emt 0:00:00]} Kc4 {[%emt 0:00:00]} 51. Ne5+ {[%emt 0:00:00]} Kb3 {[%emt 0:00:00]} 52. g6 {[%emt 0:00:00]} c2 {[%emt 0:00:00]} 53. Kd2 {[%emt 0:00:00]} Nd1 {[%emt 0:05:46]} 54. g7 {[%emt 0:00:00]} Kb2 {[%emt 0:00:36]} 55. Nd3+ {[%emt 0:00:00]} Kb1 {[%emt 0:00:58]} 56. g8=Q {[%emt 0:00:00]} Nf2 {[%emt 0:00:42]} 57. Qb3+ {[%emt 0:00:00]} Ka1 {[%emt 0:00:34]} 58. Qb2# {[%emt 0:00:00]} 1-0

[Event "NOR-ch Women 2019"]
[Site "Bekkestua"]
[Date "2019.03.17"]
[Round "4.8"]
[White "Landsverk, Ida"]
[Black "Blauhut, Anna"]
[Result "1/2-1/2"]
[WhiteElo "1369"]
[BlackElo "1081"]
[Annotator "NA"]
[PlyCount "111"]
[EventDate "2019.03.15"]
[EventType "swiss"]
[EventCountry "NOR"]
[SourceTitle "playchess.com"]
[Source "ChessBase"]
[SourceQuality "1"]
[TimeControl "5400+30"]

1. e4 {[%emt 0:00:32]} e5 {[%emt 0:00:37]} 2. Nf3 {[%emt 0:00:35]} Nc6 {[%emt 0:00:44]} 3. Bb5 {[%emt 0:00:37]} d6 {[%emt 0:01:35]} 4. O-O {[%emt 0:02:02]} Nf6 {[%emt 0:01:29]} 5. Re1 {[%emt 0:01:50]} Bd7 {[%emt 0:01:02]} 6. d4 {[%emt 0:01:52]} exd4 {[%emt 0:01:42]} 7. Nxd4 {[%emt 0:00:42]} Nxd4 {[%emt 0:00:47]} 8. Bxd7+ {[%emt 0:00:43]} Qxd7 {[%emt 0:01:22]} 9. Qxd4 {[%emt 0:00:38]} Be7 {[%emt 0:00:49]} 10. Nc3 {[%emt 0:04:35]} O-O {[%emt 0:00:59]} 11. Bg5 {[%emt 0:04:07]} Rad8 {[%emt 0:01:46]} 12. Qxa7 {[%emt 0:08:30]} c6 {[%emt 0:02:10]} 13. Rad1 {[%emt 0:02:29]} Qc7 {[%emt 0:01:58]} 14. Qe3 {[%emt 0:03:13]} h6 {[%emt 0:01:35]} 15. Bf4 {[%emt 0:10:48]} Ng4 {[%emt 0:02:32]} 16. Qg3 {[%emt 0:03:33]} h5 {[%emt 0:03:43]} 17. h3 {[%emt 0:06:48]} Ne5 {[%emt 0:00:55]} 18. Ne2 {[%emt 0:08:17]} h4 {[%emt 0:02:08]} 19. Qb3 {[%emt 0:05:49]} Bf6 {[%emt 0:02:11]} 20. Be3 {[%emt 0:04:53]} Nd7 {[%emt 0:01:44]} 21. Nd4 {[%emt 0:03:03]} Bxd4 {[%emt 0:01:58]} 22. Bxd4 {[%emt 0:00:44]} c5 {[%emt 0:01:54]} 23. Be3 {[%emt 0:01:37]} Nf6 {[%emt 0:06:44]} 24. Bg5 {[%emt 0:01:15]} Qc6 {[%emt 0:01:30]} 25. Bxh4 {[%emt 0:03:13]} Rfe8 {[%emt 0:01:15]} 26. Bxf6 {[%emt 0:04:30]} gxf6 {[%emt 0:00:57]} 27. Qg3+ {[%emt 0:00:55]} Kf8 {[%emt 0:01:11]} 28. Qf4 {[%emt 0:01:32]} Re6 {[%emt 0:01:13]} 29. Rd3 {[%emt 0:04:22]} d5 {[%emt 0:02:48]} 30. Red1 {[%emt 0:03:47]} d4 {[%emt 0:02:00]} 31. Qh6+ {[%emt 0:02:17]} Ke7 {[%emt 0:00:53]} 32. f3 {[%emt 0:01:28]} Kd7 {[%emt 0:02:54]} 33. c3 {[%emt 0:01:11]} Kc7 {[%emt 0:01:38]} 34. cxd4 {[%emt 0:01:29]} Red6 {[%emt 0:02:37]} 35. Qf4 {[%emt 0:01:05]} Kc8 {[%emt 0:01:06]} 36. d5 {[%emt 0:01:28]} Qb6 {[%emt 0:01:43]} 37. Rb3 {[%emt 0:00:56]} c4+ {[%emt 0:00:52]} 38. Qe3 {[%emt 0:00:58]} cxb3 {[%emt 0:01:21]} 39. Qxb6 {[%emt 0:00:38]} Rxb6 {[%emt 0:00:00]} 40. a3 {[%emt 0:00:34]} Kc7 {[%emt 0:00:05]} 41. Kf2 {[%emt 0:00:36]} Kd6 {[%emt 0:00:57]} 42. Ke3 {[%emt 0:00:37]} Rc8 {[%emt 0:00:55]} 43. h4 {[%emt 0:00:00]} Rc2 {[%emt 0:00:00]} 44. Rd2 {[%emt 0:00:00]} Rb5 {[%emt 0:00:00]} 45. h5 {[%emt 0:00:00]} Rc1 {[%emt 0:00:00]} 46. g4 {[%emt 0:00:00]} Rbc5 {[%emt 0:00:00]} 47. Rd3 {[%emt 0:00:00]} Rb5 {[%emt 0:00:00]} 48. Kf4 {[%emt 0:00:00]} Rb6 {[%emt 0:00:00]} 49. Kf5 {[%emt 0:00:00]} Ke7 {[%emt 0:00:00]} 50. f4 {[%emt 0:00:00]} Rh1 {[%emt 0:00:00]} 51. d6+ {[%emt 0:00:00]} Rxd6 {[%emt 0:00:00]} 52. Rxb3 {[%emt 0:00:00]} b6 {[%emt 0:00:00]} 53. Rc3 {[%emt 0:00:00]} Kf8 {[%emt 0:00:00]} 54. Rc8+ {[%emt 0:00:55]} Kg7 {[%emt 0:00:00]} 55. Rb8 {[%emt 0:02:06]} Rh2 {[%emt 0:00:00]} 56. b4 {[%emt 0:03:20]} 1/2-1/2

[Event "NOR-ch Women 2019"]
[Site "Bekkestua"]
[Date "2019.03.17"]
[Round "5.1"]
[White "Dolzhikova, Olga"]
[Black "Ayzenberg, Alena"]
[Result "1-0"]
[WhiteElo "2223"]
[BlackElo "1908"]
[Annotator "TA"]
[PlyCount "163"]
[EventDate "2019.03.15"]
[EventType "swiss"]
[EventCountry "NOR"]
[SourceTitle "playchess.com"]
[Source "ChessBase"]
[SourceQuality "1"]

{[%evp 19,163,0,0,-20,-18,-14,8,-34,-17,-37,-28,-52,39,-155,-120,-146,-181,-178,-169,-174,-99,-168,-128,-158,-152,-141,-144,-226,-137,-211,-205,-433,-422,-406,-374,-463,-387,-366,-379,-355,-358,-348,0,0,0,0,285,0,0,0,0,-468,-468,-462,269,129,191,174,297,115,222,215,972,987,939,629,631,615,541,407,389,413,470,413,413,299,291,286,247,119,128,67,69,68,29969,29974,29974,29975,29975,29976,29976,29977,29974,121,121,121,131,34,34,36,36,36,34,34,29973,29974,29976,29975,29975,29973,29975,29976,29978,29975,29976,29977,29977,29975,29977,29977,29979,29978,29978,29979,29977,29973,29975,29976,29978,29978,29977,48,29987,29981,29981,29976,29987,29975,29974,48,29984,0,29971,44,64,0]} 1. e4 e6 2. d4 d5 3. e5 c5 4. c3 Nc6 5. Nf3 Qb6 6. a3 c4 7. Nbd2 Na5 8. Rb1 Bd7 9. Be2 Ne7 10. O-O h6 11. h4 {C02: French: Advance Variation} (11. Re1 Qc7 12. Qc2 Nc8 13. Bd1 Nb6 14. Nf1 Ba4 15. Qe2 Bxd1 16. Qxd1 O-O-O 17. Ng3 Be7 18. Be3 Qd7 19. Nh5 {1-0 (41) Zhigalko,S (2678)-Salgado Lopez,I (2622) Dubai 2014}) 11... O-O-O 12. h5 g6 $146 ({Predecessor:} 12... Bc6 13. Re1 Kb8 14. Bf1 Rd7 15. g3 Qd8 16. Bh3 Nc8 17. Nh2 Re7 18. f4 Re8 {0-1 (41) Giaccio,A (2460)-Julia,E (2350) Buenos Aires 1998}) 13. hxg6 {The position is equal.} Nxg6 14. g3 Be7 15. Nh2 Rdg8 (15... h5 $1 $15) 16. Ndf3 $2 (16. Bh5 $1 $14 {was the only good move.}) 16... Qd8 $17 17. Be3 h5 18. Ne1 h4 19. g4 h3 (19... f6 $19 20. f4 fxe5 21. dxe5 Nb3) 20. Kh1 (20. Nef3 $17) 20... Nh4 21. Rg1 f5 22. exf6 Bxf6 23. Bf1 (23. Bf4 $17) 23... e5 24. dxe5 (24. Nef3 $17 Nxf3 25. Nxf3 Rxg4 26. Rxg4 (26. dxe5 Rxg1+ 27. Kxg1 Qg8+ 28. Kh1 Be7 $17) 26... Bxg4 27. Be2) 24... Bxe5 $19 25. f4 $2 {[#]} (25. Bd4 {was called for.} Qf6 26. Rg3 $1 {[%mdl 512]}) 25... d4 $1 {[%mdl 512]} 26. cxd4 Bc6+ 27. Nhf3 Nxf3 28. Nxf3 {[#]} Bxf4 $1 {[%mdl 512]} 29. Bxf4 {Hoping for Be5.} Rf8 30. Qd2 Bxf3+ $2 (30... Nb3 $19 31. Qe3 Rxf4 32. Qxf4 Rf8) 31. Kh2 $11 Nb3 32. Qe3 {[#]} Nxd4 $2 {[%mdl 8192]} (32... Rxf4 $1 $11 {[%mdl 512] and Black is okay.} 33. Qxf4 Rf8) 33. Bxc4 $2 (33. Qe5 $2 Rxf4 $1 {[%mdl 512]} 34. Qxf4 Rf8 $19) ({Better is} 33. Be5 $18) 33... Re8 34. Qc3 {[%cal Rc4e6]} Bc6 35. Rg3 $2 {[%mdl 8192]} (35. Rbf1 $11 {and White stays safe.}) 35... Re4 $19 36. Be3 {Strongly threatening Rd1.} Ne6 $4 {[%mdl 8192]} (36... Qd6 $19 {and all is fine. ( -> ...Nf3+)} 37. Rf1 Rxg4 38. Bxd4 Rxd4) 37. Rf1 (37. Bxa7 Rxc4 $1 {[%mdl 512]} 38. Rf1 Rxc3 $19) (37. b4 $18 {and White stays clearly on top. aiming for b5.} Rxe3 38. Qxe3 {[%mdl 64] Double Attack}) 37... Re8 (37... Rf8 $16) 38. Bd3 $18 (38. Bxa7 Nd4 $19) 38... Ra4 (38... Rd4 $142 39. Bg6 Re7) 39. Bf5 $2 (39. Bb5 $18 {has better winning chances.} Qa5 40. Bxa4 (40. Bxc6 Qxc3 41. Bxa4 Qxb2+ 42. Rf2 Qh8 $16) 40... Qxa4 41. Qe5 (41. Kxh3 Qe4 $16)) 39... Qd6 (39... Kb8 $16) 40. b4 ({And not} 40. Kxh3 Kb8 $11) 40... a6 $2 (40... Kb8 41. Qd2 (41. Kxh3 Rxa3 42. Bg6 Rxc3 43. Bxe8 Bxe8 44. Rf5 Qxb4 45. Rf1 Rc7 46. Rf6 Rh7+ 47. Rh6 Qe4 48. Kh4 Qg6 49. Rf3 Rxh6+ 50. Kg3 Rh1 51. Rf5 Qh7 52. Kf3 Qh3+ 53. Ke4 Bc6+ 54. Rd5 Bxd5+ 55. Kd3 Rh2 56. Kc3 Qxe3+ 57. Kb4 Qb3+ 58. Ka5 Ra2#) 41... Qxd2+ 42. Bxd2 Nd4) 41. Bf4 Qd5 42. Qe5 Qxe5 43. Bxe5 a5 44. Bc2 Ng5 45. Bxa4 Rxe5 46. Bxc6 bxc6 {[%mdl 4096] Endgame KRR-KRN} 47. Rf2 axb4 48. axb4 Re4 49. Rb2 (49. Kh1 $18) 49... Kc7 50. Rc3 ({White should play} 50. Kh1 $16) 50... Rxg4 $14 51. b5 Rg2+ $2 {[%mdl 8192]} (51... Rd4 $14 52. Rxc6+ Kb7) 52. Rxg2 hxg2 53. Rxc6+ {KR-KN} Kb7 54. Kxg2 Nf7 55. Kf2 Ne5 56. Re6 $2 (56. Ra6 $1 Nd3+ 57. Ke3 Ne5 58. Kd4 Nf3+ 59. Kd5 Nd2 60. Rc6 Nf3 61. Re6) 56... Nc4 $16 {[#]} 57. Ra6 $1 Nb6 58. Ke3 (58. Ke2 $16 Nd5 59. Ra3) 58... Nd5+ $14 59. Kd4 Nc7 60. Rh6 {Kc5 would kill now.} Nxb5+ 61. Kc5 Nc3 $2 {[%mdl 8192]} (61... Nc7 $14 62. Rh7 Kc8) 62. Rh4 Ne2 63. Rg4 Nc3 64. Rd4 Ne2 65. Rd7+ Kc8 66. Re7 Nf4 67. Kd6 Nd3 68. Re4 Nf2 69. Rf4 Nd3 70. Rf7 Nb4 71. Rc7+ Kb8 72. Rh7 Kc8 {[#]} 73. Ra7 $1 Kb8 74. Ra4 Nd3 75. Kc6 $2 (75. Rd4 Ne1 76. Kd5 Nf3 77. Rd3 Ne1 78. Rb3+ Kc7 79. Ke4 Kd7 80. Rb1) 75... Nf2 $2 {[%mdl 8192]} (75... Ne5+ $14 76. Kd5 Nf7) 76. Rf4 Nd3 77. Rd4 Nf2 78. Kb6 {[%cal Rd4d8]} Kc8 79. Rf4 $2 (79. Kc5 Kc7 80. Kd5 Kb6 81. Rb4+ Ka5 82. Rb7 Nd3 83. Kd4 Nb4 84. Kc5 Nd3+ 85. Kd4) 79... Nd3 $2 {[%mdl 8192]} (79... Nh3 $14 80. Rf7 Kd8) 80. Rd4 Nf2 $1 81. Rd2 $2 (81. Kc5 {mates} Kc7 82. Kd5 Kb6 83. Rb4+ Ka5 84. Rb1 Nd3 85. Rb3 Nb4+ 86. Kc4) 81... Ne4 82. Rd4 {[%mdl 32768] Accuracy: White = 33%, Black = 46%. . Loss on time!?} (82. Rd5 $14 Nf6 83. Rf5) 1-0

[Event "NOR-ch Women 2019"]
[Site "Bekkestua"]
[Date "2019.03.17"]
[Round "5.2"]
[White "Kyrkjebo, Hanna B."]
[Black "Johnsen, Sylvia"]
[Result "1-0"]
[WhiteElo "1896"]
[BlackElo "1982"]
[Annotator "NA"]
[PlyCount "87"]
[EventDate "2019.03.15"]
[EventType "swiss"]
[EventCountry "NOR"]
[SourceTitle "playchess.com"]
[Source "ChessBase"]
[SourceQuality "1"]
[TimeControl "5400+30"]

1. e4 {[%emt 0:00:32]} e5 {[%emt 0:00:36]} 2. Nf3 {[%emt 0:00:35]} Nc6 {[%emt 0:00:33]} 3. d4 {[%emt 0:00:56]} exd4 {[%emt 0:00:56]} 4. Nxd4 {[%emt 0:00:35]} Bc5 {[%emt 0:01:09]} 5. Nb3 {[%emt 0:00:34]} Bb6 {[%emt 0:02:02]} 6. Nc3 {[%emt 0:00:53]} Qf6 {[%emt 0:02:43]} 7. Qe2 {[%emt 0:02:38]} Nge7 {[%emt 0:01:41]} 8. Be3 {[%emt 0:04:14]} Bxe3 {[%emt 0:03:04] C45: Scotch Game} (8... Nd4 9. Nxd4 Bxd4 10. Bxd4 Qxd4 11. Rd1 Qb6 12. Qb5 O-O 13. Be2 d6 14. O-O Be6 15. a4 Nc6 16. Qxb6 axb6 {½-½ (34) Ghaem Maghami,E (2593)-Harikrishna,P (2657) Guangzhou 2010}) 9. Qxe3 {[%emt 0:01:17]} Nb4 {[%emt 0:17:05]} 10. O-O-O {[%emt 0:03:27]} O-O $146 {[%emt 0:01:17]} ({Predecessor:} 10... d6 11. Bc4 Be6 12. Bxe6 fxe6 13. f4 O-O 14. Rhf1 Qh6 15. a3 Nbc6 16. g4 Qxh2 {0-1 (30) Garuchava,A-Tatsumi,K Batumi 2016}) 11. a3 {[%emt 0:04:48]} Na6 {[%emt 0:05:26]} 12. f4 {[%emt 0:02:49]} Qb6 {[%emt 0:07:47]} 13. Qf3 {[%emt 0:12:36]} Nc5 {[%emt 0:06:07]} 14. Nxc5 {[%emt 0:05:46]} Qxc5 {[%emt 0:00:52]} 15. f5 {[%emt 0:01:27]} f6 {[%emt 0:01:43]} 16. g4 {[%emt 0:05:59]} a5 {[%emt 0:07:09]} 17. h4 {[%emt 0:01:55]} Nc6 {[%emt 0:03:49]} 18. g5 {[%emt 0:05:00]} Ne5 {[%emt 0:03:10]} 19. Qg3 {[%emt 0:01:45]} Nc4 {[%emt 0:09:34]} 20. Bxc4+ {[%emt 0:04:31]} Qxc4 {[%emt 0:00:47]} 21. Rhg1 {[%emt 0:09:11]} fxg5 {[%emt 0:08:25]} 22. Qxg5 {[%emt 0:08:07]} Qf7 {[%emt 0:01:09]} 23. e5 {[%emt 0:01:56]} Ra6 {[%emt 0:01:42]} 24. h5 {[%emt 0:02:52]} Kh8 {[%emt 0:01:09]} 25. Nd5 {[%emt 0:03:15]} h6 {[%emt 0:01:52]} 26. Qg4 {[%emt 0:01:27]} Rc6 {[%emt 0:01:16]} 27. f6 {[%emt 0:03:32]} gxf6 {[%emt 0:06:21]} 28. exf6 {[%emt 0:01:44]} Rg8 {[%emt 0:01:33]} 29. Qxg8+ $2 {[%emt 0:02:10]} (29. Qf4 Rg5 30. Rxg5 hxg5 31. Qxg5) 29... Qxg8 {[%emt 0:00:36]} 30. Rxg8+ {[%emt 0:00:41]} Kxg8 {[%emt 0:00:32]} 31. Ne7+ {[%emt 0:01:34]} Kf7 {[%emt 0:00:38]} 32. Nxc8 {[%emt 0:02:53]} d6 {[%emt 0:01:34]} 33. Ne7 {[%emt 0:00:58]} Rc5 {[%emt 0:00:34]} 34. Nd5 {[%emt 0:00:31]} c6 {[%emt 0:00:51]} 35. Nc3 {[%emt 0:01:04]} Rxh5 {[%emt 0:00:40]} 36. Rxd6 {[%emt 0:00:37]} Rh1+ {[%emt 0:00:55]} 37. Kd2 {[%emt 0:00:43]} h5 $18 {[%emt 0:00:31]} 38. Ne4 {[%emt 0:00:54]} h4 {[%emt 0:00:32]} 39. Ng5+ {[%emt 0:00:47]} Kg6 {[%emt 0:00:40]} 40. f7+ {[%emt 0:00:46]} Kg7 {[%emt 0:00:31]} 41. Rf6 {[%emt 0:01:27]} Rh2+ {[%emt 0:00:35]} 42. Ke3 {[%emt 0:00:44]} Kxf6 {[%emt 0:00:33]} 43. f8=Q+ {[%emt 0:00:33]} Kxg5 {[%emt 0:00:32]} 44. Qf4+ {[%emt 0:00:37]} 1-0

[Event "NOR-ch Women 2019"]
[Site "Bekkestua"]
[Date "2019.03.17"]
[Round "5.3"]
[White "Larre, Linnea"]
[Black "Eiding, Amanda Mai Irgens"]
[Result "0-1"]
[WhiteElo "1599"]
[BlackElo "1503"]
[Annotator "NA"]
[PlyCount "50"]
[EventDate "2019.03.15"]
[EventType "swiss"]
[EventCountry "NOR"]
[SourceTitle "playchess.com"]
[Source "ChessBase"]
[SourceQuality "1"]
[TimeControl "5400+30"]

1. c4 {[%emt 0:00:33]} e5 {[%emt 0:00:36]} 2. g3 {[%emt 0:00:37]} Nc6 {[%emt 0:00:41]} 3. Bg2 {[%emt 0:00:48]} Bc5 {[%emt 0:00:37]} 4. Nc3 {[%emt 0:01:41]} a6 {[%emt 0:00:46]} 5. e3 {[%emt 0:02:36]} Ba7 {[%emt 0:01:39]} 6. Nge2 {[%emt 0:02:18]} d6 {[%emt 0:00:42]} 7. O-O {[%emt 0:01:02]} h5 {[%emt 0:01:29]} 8. d4 {[%emt 0:01:59]} h4 {[%emt 0:05:37]} 9. b3 {[%emt 0:15:27]} Qg5 {[%emt 0:11:23]} 10. Qe1 {[%emt 0:05:24]} hxg3 {[%emt 0:06:38]} 11. fxg3 {[%emt 0:01:02]} Bh3 {[%emt 0:01:33]} 12. Qf2 {[%emt 0:02:44]} f6 {[%emt 0:05:36]} 13. Ne4 {[%emt 0:06:11]} Qh5 {[%emt 0:02:39]} 14. Bb2 {[%emt 0:01:23]} Bg4 {[%emt 0:02:05]} 15. Rfe1 {[%emt 0:03:21]} Qxh2+ {[%emt 0:04:01]} 16. Kf1 {[%emt 0:00:35]} Rh5 {[%emt 0:02:13]} 17. Nd2 {[%emt 0:03:12]} Rf5 {[%emt 0:01:59]} 18. Nf3 {[%emt 0:04:15]} Bxf3 {[%emt 0:03:04]} 19. Bxf3 {[%emt 0:01:18]} Qxf2+ {[%emt 0:00:40]} 20. Kxf2 {[%emt 0:00:43]} e4 {[%emt 0:00:36]} 21. Ng1 {[%emt 0:01:32]} exf3 {[%emt 0:01:17]} 22. Nxf3 {[%emt 0:00:42]} Rh5 {[%emt 0:01:30]} 23. g4 {[%emt 0:04:09]} Rh8 {[%emt 0:01:05]} 24. g5 {[%emt 0:01:05]} fxg5 {[%emt 0:01:07]} 25. Nxg5 {[%emt 0:00:51]} Rh2+ {[%emt 0:00:53]} 0-1

[Event "NOR-ch Women 2019"]
[Site "Bekkestua"]
[Date "2019.03.17"]
[Round "5.4"]
[White "Kyrkjebo, Marte B."]
[Black "Nordquelle, Amelia"]
[Result "1-0"]
[WhiteElo "1830"]
[BlackElo "1595"]
[Annotator "NA"]
[PlyCount "89"]
[EventDate "2019.03.15"]
[EventType "swiss"]
[EventCountry "NOR"]
[SourceTitle "playchess.com"]
[Source "ChessBase"]
[SourceQuality "1"]
[TimeControl "5400+30"]

1. e4 {[%emt 0:00:32]} c5 {[%emt 0:01:25]} 2. Nf3 {[%emt 0:00:36]} d6 {[%emt 0:00:40]} 3. Bb5+ {[%emt 0:00:40]} Bd7 {[%emt 0:01:57]} 4. Bxd7+ {[%emt 0:00:43]} Qxd7 {[%emt 0:00:45]} 5. c4 {[%emt 0:00:41]} Nc6 {[%emt 0:01:21]} 6. Nc3 {[%emt 0:00:45]} g6 {[%emt 0:00:46]} 7. d4 {[%emt 0:00:41]} cxd4 {[%emt 0:01:10]} 8. Nxd4 {[%emt 0:00:41]} Bg7 {[%emt 0:01:49]} 9. Be3 {[%emt 0:00:53]} Nf6 {[%emt 0:00:52]} 10. f3 {[%emt 0:02:15]} O-O {[%emt 0:02:05]} 11. O-O {[%emt 0:01:27]} Rac8 {[%emt 0:01:32]} 12. b3 {[%emt 0:03:12]} a6 {[%emt 0:01:30]} 13. a4 {[%emt 0:11:48]} Na5 {[%emt 0:08:52]} 14. Rc1 {[%emt 0:03:41]} Rc7 {[%emt 0:02:26]} 15. Nde2 {[%emt 0:03:32]} Rc6 {[%emt 0:01:52]} 16. Nd5 {[%emt 0:07:44]} e6 {[%emt 0:03:18]} 17. Nxf6+ {[%emt 0:08:52]} Bxf6 {[%emt 0:00:48]} 18. c5 {[%emt 0:06:15]} Rcc8 {[%emt 0:06:58]} 19. cxd6 {[%emt 0:14:29]} Rxc1 {[%emt 0:01:40]} 20. Nxc1 {[%emt 0:03:57]} Rd8 {[%emt 0:00:54]} 21. Bb6 {[%emt 0:01:37]} Qc6 {[%emt 0:02:19]} 22. Bxd8 {[%emt 0:02:51]} Bxd8 {[%emt 0:00:36]} 23. Qd3 {[%emt 0:02:12]} b5 {[%emt 0:01:14]} 24. axb5 {[%emt 0:03:17]} axb5 {[%emt 0:01:07]} 25. Ne2 {[%emt 0:01:23]} e5 {[%emt 0:00:59]} 26. h3 {[%emt 0:03:21]} Nb7 {[%emt 0:00:54]} 27. Rd1 {[%emt 0:03:24]} Bb6+ {[%emt 0:00:53]} 28. Kh2 {[%emt 0:00:52]} Qc5 {[%emt 0:01:14]} 29. Qd5 {[%emt 0:02:31]} Nd8 {[%emt 0:01:24]} 30. Qxc5 {[%emt 0:00:43]} Bxc5 {[%emt 0:00:36]} 31. Rd5 {[%emt 0:01:26]} Ne6 {[%emt 0:01:38]} 32. d7 {[%emt 0:01:10]} Be7 {[%emt 0:01:01]} 33. Rxb5 {[%emt 0:01:06]} f6 {[%emt 0:00:41]} 34. Rb8+ {[%emt 0:01:12]} Bd8 {[%emt 0:01:06]} 35. Nc3 {[%emt 0:01:02]} Kf7 {[%emt 0:00:55]} 36. Nd5 {[%emt 0:01:12]} f5 {[%emt 0:01:09]} 37. b4 {[%emt 0:02:27]} fxe4 {[%emt 0:00:49]} 38. fxe4 {[%emt 0:00:40]} Bg5 {[%emt 0:01:13]} 39. b5 {[%emt 0:01:17]} Nd8 {[%emt 0:00:48]} 40. g3 {[%emt 0:01:14]} Ke6 {[%emt 0:00:54]} 41. h4 {[%emt 0:01:24]} Be7 {[%emt 0:00:41]} 42. Nxe7 {[%emt 0:01:03]} Kxe7 {[%emt 0:00:42]} 43. b6 {[%emt 0:00:00]} Kxd7 {[%emt 0:00:00]} 44. b7 {[%emt 0:00:00]} h6 {[%emt 0:00:00]} 45. Rxd8+ {[%emt 0:00:00]} 1-0

[Event "NOR-ch Women 2019"]
[Site "Bekkestua"]
[Date "2019.03.17"]
[Round "5.5"]
[White "Helliesen, Lykke-Merlot"]
[Black "Landsverk, Ida"]
[Result "1-0"]
[WhiteElo "1579"]
[BlackElo "1369"]
[Annotator "NA"]
[PlyCount "69"]
[EventDate "2019.03.15"]
[EventType "swiss"]
[EventCountry "NOR"]
[SourceTitle "playchess.com"]
[Source "ChessBase"]
[SourceQuality "1"]
[TimeControl "5400+30"]

1. d4 {[%emt 0:00:33]} Nf6 {[%emt 0:00:35]} 2. c4 {[%emt 0:00:34]} c5 {[%emt 0:00:35]} 3. d5 {[%emt 0:00:37]} b5 {[%emt 0:00:36]} 4. cxb5 {[%emt 0:00:34]} a6 {[%emt 0:00:36]} 5. bxa6 {[%emt 0:00:35]} Bxa6 {[%emt 0:00:36]} 6. Nc3 {[%emt 0:00:36]} g6 {[%emt 0:00:47]} 7. e4 {[%emt 0:00:42]} d6 {[%emt 0:00:35]} 8. Nf3 {[%emt 0:02:16]} Bxf1 {[%emt 0:00:48]} 9. Kxf1 {[%emt 0:00:35]} Nbd7 {[%emt 0:01:35]} 10. g3 {[%emt 0:00:42]} Bg7 {[%emt 0:01:14]} 11. Kg2 {[%emt 0:00:35]} O-O {[%emt 0:01:29]} 12. a4 {[%emt 0:00:48]} Qb6 {[%emt 0:03:19]} 13. Qc2 {[%emt 0:01:01]} c4 {[%emt 0:08:12]} 14. Nb5 {[%emt 0:01:08]} Nc5 {[%emt 0:10:58]} 15. Be3 {[%emt 0:01:49]} Ng4 {[%emt 0:07:46]} 16. Bd4 {[%emt 0:04:51]} Bxd4 {[%emt 0:03:07]} 17. Nfxd4 {[%emt 0:00:36]} Nb3 {[%emt 0:11:45]} 18. Nxb3 {[%emt 0:02:33]} cxb3 {[%emt 0:00:36]} 19. Qe2 {[%emt 0:01:17]} Ne5 {[%emt 0:01:55]} 20. Qd1 {[%emt 0:02:30]} Qa5 {[%emt 0:13:18]} 21. Qxb3 {[%emt 0:02:01]} Qd2 {[%emt 0:01:16]} 22. Qc3 {[%emt 0:02:27]} Qh6 {[%emt 0:07:28]} 23. a5 {[%emt 0:02:38]} Rfc8 {[%emt 0:00:54]} 24. Qd4 {[%emt 0:02:40]} Rc4 {[%emt 0:02:05]} 25. Qb6 {[%emt 0:00:52]} Qd2 {[%emt 0:14:07]} 26. a6 {[%emt 0:01:25]} Rc2 {[%emt 0:02:58]} 27. a7 {[%emt 0:00:56]} Kg7 {[%emt 0:02:40]} 28. Nc7 {[%emt 0:01:28]} Nc4 {[%emt 0:00:38]} 29. Qb7 {[%emt 0:03:37]} Qxf2+ {[%emt 0:00:34]} 30. Kh3 {[%emt 0:01:25]} Qg2+ {[%emt 0:00:32]} 31. Kh4 {[%emt 0:01:34]} Qxe4+ {[%emt 0:00:32]} 32. g4 {[%emt 0:01:54]} Ne5 {[%emt 0:00:48]} 33. Rag1 {[%emt 0:08:01]} Nf3+ {[%emt 0:00:48]} 34. Kh3 {[%emt 0:00:57]} Qf4 {[%emt 0:00:43]} 35. Ne6+ {[%emt 0:11:41]} 1-0